000
00338nam a2200133Ia 4500
008
240624s9999 xx 000 0 und d
041
_a
eng
082
_a
509 FER
100
_a
FERGUSON KITTY
245
_a
LOST SCIENCE ASTONISHING TALES OF FORGOT
260
_c
2017
_a
New York
_b
Sterling
300
_a
ix, 326 p.; 23 cm.
365
_c
_b
33
999
_c
32310
_d
32310